Statistics for NBA MVP First Place Votes (Since 1984)

Click here to take the quiz!

General Stats

  • This quiz has been taken 616 times
  • The average score is 34 of 54

Answer Stats

Total First Place VotesMVP's (Since 1984)Answer% Correct
530.55Michael Jordan
100%
4944LeBron James
99%
1231Kobe Bryant
95%
1201Shaquille O'Neal
95%
2362Stephen Curry
93%
2153Larry Bird
92%
166.53Magic Johnson
92%
1471Kevin Durant
90%
1662Tim Duncan
90%
1712Nikola Jokić
89%
2102Giannis Antetokounmpo
88%
1311James Harden
88%
1662Steve Nash
85%
941Hakeem Olajuwon
84%
1502Karl Malone
84%
971Dirk Nowitzki
83%
691Russell Westbrook
83%
1011Allen Iverson
82%
1791Kevin Garnett
80%
921Charles Barkley
78%
70Dwyane Wade
78%
1001Joel Embiid
78%
1071David Robinson
76%
30Kareem Abdul-Jabbar
76%
90Scottie Pippen
75%
1141Derrick Rose
73%
10John Stockton
72%
10Isiah Thomas
70%
20Jermaine O'Neal
69%
10Julius Erving
68%
380Chris Paul
66%
160Patrick Ewing
66%
90Kawhi Leonard
65%
10Carmelo Anthony
60%
470Jason Kidd
60%
40Tony Parker
60%
130Clyde Drexler
55%
110Tracy McGrady
54%
70Dwight Howard
51%
40Gary Payton
47%
10Ben Wallace
42%
20Penny Hardaway
42%
150Chauncey Billups
39%
50Dominique Wilkins
39%
360Alonzo Mourning
37%
50Chris Webber
34%
10Amar'e Stoudemire
33%
110Bernard King
16%
10Peja Stojaković
14%
10Adrian Dantley
12%
10Elton Brand
9%
10Sidney Moncrief
8%
20Terry Cummings
3%
10Jeff Ruland
1%

Score Distribution

Percentile by Number Answered

Percent of People with Each Score

Your Score History

You have not taken this quiz